000 00856nam a2200265Ia 4500
003 OSt
005 20220918171338.0
006 a|||||r|||| 00| 0
007 ta
008 220917b |||||||| |||| 00| 0 eng d
020 _a9781509932160 (pbk)
_cUKP 35.00
024 _a352,078
037 _b5501, 22/01/2020, Excel Media
_cTextual
040 _aARTS
_cARTS
_beng
041 _2eng
_aeng
082 _aR3xL24:g, Q7
100 _aKisilevsky Sari Ed.
_936013
245 0 _aFreedom and force
_b essays on Kant's legal philosophy
260 _aOxford
_bHart UK
_c2017
300 _aviii,224p.
_ccm.
650 _aKANT, IMMANUEL; PHILOSOPHERS
_928404
700 _a Stone Martin J. Ed.
_936014
942 _hR3xL24:g, Q7
_cTEXL
_2CC
999 _c139166
_d139166